40 Największych miast w województwa podkarpackiego - Statystyki

Ogólne statystyki
  • Ten quiz został rozwiązany 18 razy
  • Średni wynik to 25 z 40
Statystyki odpowiedzi
Populacja Miasto % Poprawnych
32 727 Jasło
100%
44 060 Krosno
100%
56 050 Przemyśl
100%
197 268 Rzeszów
100%
35 298 Jarosław
94%
56 972 Mielec
94%
8410 Ustrzyki Dolne
94%
42 986 Dębica
88%
15 794 Ropczyce
88%
34 345 Sanok
88%
55 127 Stalowa Wola
88%
43 712 Tarnobrzeg
88%
8402 Strzyżów
81%
17 703 Łańcut
75%
5098 Lesko
75%
14 523 Przeworsk
75%
12 368 Sędziszów Małopolski
75%
7158 Brzozów
69%
11 313 Lubaczów
69%
14 477 Nisko
69%
8495 Kolbuszowa
63%
12 697 Leżajsk
63%
6291 Boguchwała
50%
10 583 Głogów Małopolski
50%
4994 Pilzno
50%
3545 Rymanów
50%
5997 Dynów
44%
5530 Jedlicze
44%
4346 Sokołów Małopolski
44%
4913 Zagórz
44%
10 381 Nowa Dęba
38%
5357 Nowa Sarzyna
38%
2816 Oleszyce
38%
3409 Radomyśl Wielki
38%
4562 Tyczyn
38%
4935 Radymno
31%
6375 Rudnik nad Sanem
31%
2900 Kańczuga
25%
3625 Pruchnik
25%
2780 Zaklików
25%
Nie znaleziono quizów pasujących do podanych kryteriów
Rozkład punktacji
Procent ludzi z każdym wynikiem
Percentyl według liczby udzielonych odpowiedzi
Twoja historia wyników
Nie rozwiązałeś tego quizu